000 00987nam a2200253Ia 4500
003 OSt
005 20220918112030.0
006 a|||||r|||| 00| 0
007 ta
008 220915b |||||||| |||| 00| 0 hin d
024 _a36464
037 _cTextbook
040 _bhin
_aARTS
_cARTS
041 _ahin
082 _aO15,2D40:g, 152K9
100 _aशास्त्री, सुरेन्द्रदेव
245 0 _aकालिदास और भवभूति के नाटकों का तुलनात्मक अध्ययन
246 _aKālidās aur bhavabhūti ke nāṭakoan kā tulanātmak adhyayana
260 _aमेरठ
_bसाहित्य भण्डार भारत
_c1969
300 _a323पण्
_ccm.
650 _aहिन्दी साहित्य
942 _hO15,2D40:g, 152K9
_cTB
_2CC
999 _c117961
_d117961